Wakaf perabung lima

Bibliographic Details
Main Author: Hashim, Latiff
Format: Book
Published: Petaling Jaya : Hasrat Murni , 2002
Series:Cerita alam misteri
Subjects:

MARC

LEADER 00000cam a2200000 7i4500
001 0000054489
005 20220105105353.0
008 151107
020 |a 9830601684 
090 0 0 |a AD   |b MAL 
100 1 |a Hashim, Latiff 
245 0 0 |a Wakaf perabung lima   |c Hashim Latiff 
260 |a Petaling Jaya :   |b Hasrat Murni ,   |c 2002 
300 |a 60pg. :   |b ill 
490 1 |a Cerita alam misteri 
500 |a Children ages 7-9 years old (orange) 
650 0 |a Children's story, Malay 
999 |a 0000916773   |b Book   |c Children Collection   |e Cawangan Bukit Gambir 
999 |a 0000916774   |b Book   |c Children Collection   |e Cawangan Bukit Gambir 
999 |a 0000916775   |b Book   |c Children Collection   |e Cawangan Bukit Gambir 
999 |a 0000930282   |b Book   |c Children Collection   |e Cawangan Tangkak 
999 |a 0000930283   |b Book   |c Children Collection   |e Cawangan Tangkak